Documenting the National Art Gallery Pakistan / (Record no. 614802)

000 -LEADER
fixed length control field 01113cam a22003375i 4500
001 - CONTROL NUMBER
control field 23961058
005 - DATE AND TIME OF LATEST TRANSACTION
control field 20250923114453.0
008 - FIXED-LENGTH DATA ELEMENTS--GENERAL INFORMATION
fixed length control field 241223s2024 pk aeh 000 0 eng
010 ## - LIBRARY OF CONGRESS CONTROL NUMBER
LC control number 2024309194
020 ## - INTERNATIONAL STANDARD BOOK NUMBER
International Standard Book Number 9789697121526
035 ## - SYSTEM CONTROL NUMBER
System control number 23961058
038 ## - RECORD CONTENT LICENSOR
Staff Name Malang Jan
040 ## - CATALOGING SOURCE
Original cataloging agency DLC
Language of cataloging eng
Description conventions rda
Transcribing agency DLC
042 ## - AUTHENTICATION CODE
Authentication code lcode
043 ## - GEOGRAPHIC AREA CODE
Geographic area code a-pk---
050 00 - LIBRARY OF CONGRESS CALL NUMBER
Classification number NA1510.7
Item number .P37 2024+
082 ## - DEWEY DECIMAL CLASSIFICATION NUMBER
Classification number 709.549
Author Mark PAS
100 10 - MAIN ENTRY--PERSONAL NAME
Personal name Pasha, Naeem,
Relator term author.
9 (RLIN) 130619
245 10 - TITLE STATEMENT
Title Documenting the National Art Gallery Pakistan /
Statement of responsibility, etc. Naeem Pasha.
264 #1 - PRODUCTION, PUBLICATION, DISTRIBUTION, MANUFACTURE, AND COPYRIGHT NOTICE
Place of production, publication, distribution, manufacture Lahore :
Name of producer, publisher, distributor, manufacturer Le' Topical,
Date of production, publication, distribution, manufacture, or copyright notice 2024.
300 ## - PHYSICAL DESCRIPTION
Extent 184 pages :
Other physical details color illustrations, plans, facsimiles ;
Dimensions 25 cm
336 ## - CONTENT TYPE
Content type term text
Content type code txt
Source rdacontent
337 ## - MEDIA TYPE
Media type term unmediated
Media type code n
Source rdamedia
338 ## - CARRIER TYPE
Carrier type term volume
Carrier type code nc
Source rdacarrier
504 ## - BIBLIOGRAPHY, ETC. NOTE
Bibliography, etc. note Includes bibliographical references.
610 20 - SUBJECT ADDED ENTRY--CORPORATE NAME
Corporate name or jurisdiction name as entry element National Art Gallery (Pakistan)
Form subdivision Sources.
9 (RLIN) 130620
906 ## - LOCAL DATA ELEMENT F, LDF (RLIN)
a 7
b ibc
c origode
d 3
e ncip
f 20
g y-gencatlg
942 ## - ADDED ENTRY ELEMENTS (KOHA)
Source of classification or shelving scheme
Koha item type Book
Holdings
Withdrawn status Lost status Source of classification or shelving scheme Damaged status Not for loan Permanent Location Current Location Date acquired Total Checkouts Full call number Barcode Date last seen Cost, replacement price Price effective from Koha item type
          School of Art Design and Architecture (SADA) School of Art Design and Architecture (SADA) 09/22/2025   709.549 PAS 2024 SADAD0000489 09/23/2025 0.00 09/23/2025 Book
© 2023 Central Library, National University of Sciences and Technology. All Rights Reserved.